Administrative receivership: law and practice/ (Record no. 4946)

MARC details
000 -LEADER
fixed length control field 01026nam a22001457a 4500
008 - FIXED-LENGTH DATA ELEMENTS--GENERAL INFORMATION
fixed length control field 140917b xxu||||| |||| 00| 0 eng d
050 ## - LIBRARY OF CONGRESS CALL NUMBER
Classification number KD2155.R4 D6
100 ## - MAIN ENTRY--PERSONAL NAME
Personal name Doyle, Louis G
245 ## - TITLE STATEMENT
Title Administrative receivership: law and practice/
Statement of responsibility, etc. Louis G. Doyle.
250 ## - EDITION STATEMENT
Edition statement 1st ed.
260 ## - PUBLICATION, DISTRIBUTION, ETC.
Place of publication, distribution, etc. London,
Name of publisher, distributor, etc. FT law and Tax:
Date of publication, distribution, etc. 1995.
300 ## - PHYSICAL DESCRIPTION
Extent xxxix,433p.
Dimensions 20cm.
505 ## - FORMATTED CONTENTS NOTE
Formatted contents note Contents: The legal nature of administrative receivership -- The commercial nature of administrative receivership -- The debenture holder's security:1 -- The debenture holder's security:2 -- The appointment of the administrative receiver -- Appointment validity considerations:1 -- Appointment validity consideration:2 -- The powers of the administrative receiver -- The duties of the administrative receiver -- Liabilities of the administrative receiver -- Conduct of the administrative receivership: procedural formalities and court practice -- Assets and liabilities -- Specific transactions and miscellaneous problems -- Index.
942 ## - ADDED ENTRY ELEMENTS (KOHA)
Source of classification or shelving scheme Library of Congress Classification
Koha item type Books
Holdings
Withdrawn status Lost status Source of classification or shelving scheme Damaged status Not for loan Collection code Home library Current library Shelving location Date acquired Total Checkouts Full call number Date last seen Price effective from Koha item type
    Library of Congress Classification     Non-fiction WISCONSIN INTERNATIONAL UNIVERSITY COLLEGE, GHANA - MAIN LIBRARY WISCONSIN INTERNATIONAL UNIVERSITY COLLEGE, GHANA - MAIN LIBRARY Law Library 17/09/2014   KD2155.R4 D6 17/09/2014 17/09/2014 Books

If you have any concerns or questions; kindly contact the library


© Powered by WIUC ICT DIRECTORATE